Nhập môn Plato

Sách nằm trong bộ sách "Nhập môn" nhằm giới thiệu đến đông đảo người đọc chân dung và hành trình tư tưởng của nhiều khuôn mặt lớn trong lịch sử nhân loại, từ Đức Phật, Platon, Aristote đến Kant... thông qua hình thức truyện tranh si...

全面介紹

Đã lưu trong:
書目詳細資料
主要作者: Robinson, Dave
格式: 圖書
語言:Undetermined
出版: Thành phố Hồ Chí Minh Trẻ 2006
主題:
標簽: 添加標簽
沒有標簽, 成為第一個標記此記錄!
Thư viện lưu trữ: Trung tâm Học liệu Trường Đại học Cần Thơ
LEADER 00982nam a2200205Ia 4500
001 CTU_132857
008 210402s9999 xx 000 0 und d
020 |c 27000 
082 |a 184 
082 |b R659 
100 |a Robinson, Dave 
245 0 |a Nhập môn Plato 
245 0 |c Dave Robinson, Judy Groves ; Trần Tiễn Cao Đăng dịch ; Bùi Văn Nam Sơn hiệu đính 
260 |a Thành phố Hồ Chí Minh 
260 |b Trẻ 
260 |c 2006 
520 |a Sách nằm trong bộ sách "Nhập môn" nhằm giới thiệu đến đông đảo người đọc chân dung và hành trình tư tưởng của nhiều khuôn mặt lớn trong lịch sử nhân loại, từ Đức Phật, Platon, Aristote đến Kant... thông qua hình thức truyện tranh sinh động. 
650 |a Plato,Triết học Plato 
904 |i Giang 
980 |a Trung tâm Học liệu Trường Đại học Cần Thơ